FIBA Basketball World Ranking - Women - Statistics

General Stats
  • This quiz has been taken 74 times
    57 since last reset
  • The average score is 14 of 20
Answer Stats
Rank Points Answer % Correct
1 1040.0 United States
98%
4 456.0 France
96%
3 550.0 Spain
96%
2 590.0 Australia
90%
10 251.2 Canada
90%
8 286.0 China
90%
15 112.0 Japan
90%
5 431.0 Russia
86%
14 112.2 Argentina
84%
7 308.0 Brazil
82%
17 84.0 Serbia
80%
12 191.0 South Korea
71%
20 73.0 Croatia
61%
11 235.0 Turkey
57%
13 131.0 Cuba
51%
6 422.0 Czech Republic
45%
16 94.0 Latvia
39%
9 254.0 Belarus
37%
18 82.0 Angola
35%
19 81.8 Mali
12%
No matching quizzes found
Score Distribution
Percent of People with Each Score
Percentile by Number Answered
Your Score History
You have not taken this quiz since the last reset